| 000 | 00457nam a2200181Ia 4500 | ||
|---|---|---|---|
| 001 | 4486 | ||
| 005 | 20260306145759.0 | ||
| 008 | 260306t2019||||xx |||||||||||||| ||spa|| | ||
| 041 | _aESP | ||
| 082 |
_a323.1198 _bH22 |
||
| 100 |
_aHartling, Jay _eAUT |
||
| 245 | 0 | _aGuía de buenas prácticas para la consulta previa en las Américas | |
| 260 | _c2019 | ||
| 300 |
_a20 páginas : _c25 cm. |
||
| 650 | _aGEN | ||
| 654 | _aCHU | ||
| 942 |
_cLIB _dJUS _fJUS _2ddc _n |
||
| 999 |
_c4486 _d4486 |
||